000 00593nam a2200217Ia 4500
003 OSt
005 20221007072944.0
006 a|||||r|||| 00| 0
007 ta
008 221006b |||||||| |||| 00| 0 eng d
024 _a25,899
037 _cTextual
040 _aFLL
_cFLL
_beng
041 _2eng
_aeng
082 _aZ3xN6, K9
245 0 _aUnlawful acts or defaults by clients of members
260 _aLondon
_bThe Institute of Chartered Accountants in England and Wales
_c1969
300 _a1-28p
_ccm.
942 _hZ3xN6, K9
_cTEXL
_2CC
999 _c1147359
_d1147359